000 00691nam a2200289Ia 4500
005 20260324143533.0
008 008 260324s9999 xx 000 0 eng d
020 _a9781003532897
037 _aEBOOK
040 _aCRL
040 _beng
040 _cCRL
041 _2eng
041 _aeng
084 _qCRL
100 _aJulia Brannen; Peter Moss
_91215994
245 0 _aManaging Mothers
245 0 _bDual Earner Households After Maternity Leave
260 _bTaylor and Francis
260 _c1991
365 _a
365 _b145
856 _uhttp://www.taylorfrancis.com/books/9781003532897
942 _cEBOOK
999 _c1821517
_d1821517